Countries With The Most Chinese Diaspora - Statistics

General Stats
  • This quiz has been taken 331 times
  • The average score is 13 of 15
Answer Stats
Chinese Diaspora Population Country % Correct
5,025,817 United States
100%
1,769,195 Canada
96%
922,000 Japan
95%
433,150 United Kingdom
95%
1,213,903 Australia
91%
4,916,255 Indonesia
91%
749,466 Vietnam
90%
700,000 France
89%
6,642,000 Malaysia
89%
9,349,900 Thailand
88%
2,571,000 Singapore
87%
1,273,125 Philippines
76%
320,794 Italy
73%
1,637,540 Myanmar
68%
382,979 Peru
34%
No matching quizzes found
Score Distribution
Percent of People with Each Score
Percentile by Number Answered
Your Score History
You have not taken this quiz